000
00337pab a2200145 454500
008
180718b1985 xxu||||| |||| 00| 0 eng d
100
_a
Govindaiah, T.
245
_a
Irrigation, income and consumption pattern
260
_c
1985
300
_a
26-8
362
_a
Nov.
650
_a
Irrigation
773
_a
Kurukshetra
909
_a
11361
999
_c
11361
_d
11361